Sammy the sea otter : coloring and activity book.

Bibliographic Details
Format: Government Document eBook
Language:English
Published: [Washington, D.C.?] : United States Coast Guard, [2011?]
Subjects:
Online Access:https://purl.fdlp.gov/GPO/gpo37782

MARC

Tag First Indicator Second Indicator Subfields
LEADER 00000cam a2200000 i 4500
001 in00003335021
005 20211120171351.0
006 m o d f
007 cr bn||||a||||
008 130626s2011 dcua jo f000 0 eng c
035 |a (OCoLC)ocn850963356 
040 |a GPO  |b eng  |e rda  |e pn  |c GPO  |d MvI  |d UtOrBLW 
042 |a pcc 
043 |a n-us--- 
049 |a WWW 
074 |a 0520-C (online) 
086 0 |a HS 7.2:SA 4 
245 0 0 |a Sammy the sea otter :  |b coloring and activity book. 
264 1 |a [Washington, D.C.?] :  |b United States Coast Guard,  |c [2011?] 
300 |a 1 online resource (6 unnumbered pages) :  |b illustrations 
336 |a text  |b txt  |2 rdacontent 
337 |a computer  |b c  |2 rdamedia 
338 |a online resource  |b cr  |2 rdacarrier 
500 |a Title from title screen (viewed on June 26, 2013). 
500 |a "U.S. Coast Guard Sea Partners Campaign"--Page [6]. 
650 0 |a Sea otter  |x Habitat  |x Conservation  |z United States  |v Juvenile literature. 
650 0 |a Marine debris  |z United States  |v Juvenile literature. 
650 0 |a Marine pollution  |z United States  |x Prevention  |v Juvenile literature. 
710 1 |a United States.  |b Coast Guard,  |e publisher. 
776 0 8 |i Print version:  |t Sammy the sea otter  |w (OCoLC)850968345 
856 4 0 |u https://purl.fdlp.gov/GPO/gpo37782  |t 0 
999 |a MARS 
999 f f |s f99dd07c-2f6f-3c4c-b964-4cd5038c47f5  |i 2ade6c17-4545-3180-a249-3cdd0d26d12e  |t 0 
952 f f |a Texas A&M University  |b College Station  |c Electronic Resources  |d Available Online  |t 0  |e HS 7.2:SA 4  |h Superintendent of Documents classification 
998 f f |a HS 7.2:SA 4  |t 0  |l Available Online